IELTS testbuilder

Đã lưu trong:
書目詳細資料
主要作者: McCater, Sam
格式: 圖書
語言:Undetermined
出版: Oxford McMillan 2003
主題:
標簽: 添加標簽
沒有標簽, 成為第一個標記此記錄!
Thư viện lưu trữ: Trung tâm Học liệu Trường Đại học Cần Thơ
LEADER 00521nam a2200193Ia 4500
001 CTU_95374
008 210402s9999 xx 000 0 und d
020 |c 93000 
082 |a 428.24 
082 |b M123 
100 |a McCater, Sam 
245 0 |a IELTS testbuilder 
245 0 |c Sam McCater, Judith Ash 
260 |a Oxford 
260 |b McMillan 
260 |c 2003 
650 |a English language 
910 |a Sách kèm CD có số: AV.001894, AV.001893 
980 |a Trung tâm Học liệu Trường Đại học Cần Thơ